Statistics for England Pre-Euros 2016 Squad

Click here to take the quiz!

General Stats

  • This quiz has been taken 353 times
  • The average score is 21 of 26

Answer Stats

PositionTeamAnswer% Correct
GKManchester CityJoe Hart
99%
STTottenhamHarry Kane
94%
STLeicester CityJamie Vardy
94%
LBTottenhamDanny Rose
89%
LWManchester CityRaheem Sterling
89%
STManchester UnitedWayne Rooney
89%
CBChelseaGarry Cahill
87%
STLiverpoolDaniel Sturridge
86%
CMLiverpoolJordan Henderson
86%
RBTottenhamKyle Walker
86%
GKSouthamptonFraser Forster
84%
STManchester UnitedMarcus Rashford
84%
CBManchester UnitedChris Smalling
83%
CMLeicester CityDanny Drinkwater
80%
CMTottenhamDele Alli
79%
CMLiverpoolJames Milner
76%
RBLiverpoolNathaniel Clyne
76%
CBEvertonJohn Stones
74%
CMTottenhamEric Dier
73%
LBSouthamptonRyan Bertrand
71%
GKBurnleyTom Heaton
70%
CMLiverpoolAdam Lallana
69%
CMArsenalJack Wilshere
69%
CMEvertonRoss Barkley
65%
CMManchester CityFabian Delph
62%
RWNewcastle UnitedAndros Townsend
51%

Score Distribution

Percentile by Number Answered

Percent of People with Each Score

Your Score History

You have not taken this quiz